00690 a2200193 4500022001200000050002300012100002700035110003400062245018300096264004600279300001100325500001300336650003000349650003100379651001800410700002400428700002700452710001700479 Ino issn00aKTL19.A35 SOU 1972 aDuncan, Graemeeeditor aSupreme Court of South Africa04aSouth African law reports 1972(2) May : bDecisions of the Supreme Court of South Africa, South-West Africa division, High court of Rhodesia /cGraeme Duncan, M. Barnett ...et al aSouth Africa:bJuta and Company LTDc1972 a385p.: aNo index 0aLaw reports, digests, etc 7aLaw reports, digests, etc. 7aSouth Africa.1 aBarnett, M.eeditor1 aBuchanan, J.L.eeditor1 aSouth Africa